LIBRARY & INFORMATION CENTRE, KCAET, TAVANUR

ONLINE PUBLIC ACCESS CATALOGUE (OPAC)

Statistical Methods for Agricultural Science (Record no. 14732)

MARC details
000 -LEADER
fixed length control field 00336nam a22001217a 4500
020 ## - INTERNATIONAL STANDARD BOOK NUMBER
ISBN 9789384007027
082 ## - DEWEY DECIMAL CLASSIFICATION NUMBER
Classification number 519.5063
Item number SOU/ST
100 ## - MAIN ENTRY--AUTHOR NAME
Personal name Sourajit,Mustafee
245 ## - TITLE STATEMENT
Title Statistical Methods for Agricultural Science
260 ## - PUBLICATION, DISTRIBUTION, ETC. (IMPRINT)
Place of publication New Delhi
Name of publisher Med Tech - Scientific International Pvt.Ltd
Year of publication 2014
300 ## - PHYSICAL DESCRIPTION
Number of Pages 405
942 ## - ADDED ENTRY ELEMENTS (KOHA)
Koha item type Book Bank scheme for SC students
Holdings
Withdrawn status Lost status Damaged status Collection code Home library Current library Shelving location Date acquired Source of acquisition Cost, normal purchase price Full call number Accession Number Koha item type
        KAUAET KAUAET Scheme 25/08/2016 Dream Tech Publishers & Book Sellers, Trivandrum. 495.00 519.5063 SOU/ST BB 357 Book Bank scheme for SC students
        KAUAET KAUAET Scheme 25/08/2016 Dream Tech Publishers & Book Sellers, Trivandrum. 495.00 519.5063 SOU/ST BB 358 Book Bank scheme for SC students
free website counter